| 000 | 00564nam a2200193 a 4500 | ||
|---|---|---|---|
| 001 | 000047852 | ||
| 003 | DO-SdBNP | ||
| 005 | 20220706115000.0 | ||
| 007 | ta | ||
| 008 | 180830s1953 pr ac 000 m spa d | ||
| 040 |
_aDO-SdBNP _bspa _cBNPHU |
||
| 100 | 1 |
_aEchavarria, Colón, _d1898-1979. _923926 |
|
| 245 | 1 | 3 |
_aEl soldado de San Cristóbal / _cColón Echavarría. |
| 260 |
_aSan Juan, Puerto Rico : _bImprenta "La Milagrosa", _c1953. |
||
| 300 |
_a31, [1] p. : _bil., retrs. ; _c21 cm. |
||
| 590 | _aInventariado, 2019/LP | ||
| 910 | _aL/P | ||
| 942 |
_2ddc _cLBS1 |
||
| 999 |
_c47340 _d47340 |
||